Polyfunkčný obytný komplex Kerling, Banská Štiavnica

Gespeichert in:
Bibliographische Detailangaben
1. Verfasser: Orlovská, Miriama (Verfasst von)
Weitere Verfasser: Kosnáč, Pavel (Betreuung Doktorarbeit)
Format: Manuskript Buch
Sprache:Slowakisch
Veröffentlicht: Bratislava 2018
Schlagworte:
Online-Zugang:http://is.stuba.sk/zp/portal_zp.pl?podrobnosti=138731
Tags: Tag hinzufügen
Keine Tags, Fügen Sie das erste Tag hinzu!

MARC

LEADER 00000ntm a22000003a 4500
001 stuzp68493
003 SK-STU
005 20210114092347.6
007 ta
008 150427s2015----xo-----f-mn---000-0-slo-d
040 |a STU  |b slo 
041 0 |a slo 
100 1 |a Orlovská, Miriama  |u 051110  |4 aut  |U FAD Fakulta architektúry  |T FA Ústav architektúry obytných budov  |X 70306  |U A1110  |Y 392  |7 70306 
242 0 1 |a Multifunctional residential complex Kerling, Banská Štiavnica  |y eng 
245 1 0 |a Polyfunkčný obytný komplex Kerling, Banská Štiavnica 
260 |c 2018  |a Bratislava 
650 4 |a downtown  |2 slo 
650 4 |a polyfunkčný obytný komplex  |2 slo 
650 4 |a Banská Štiavnica  |2 slo 
650 4 |a multifunctional residential complex  |2 eng 
650 4 |a Banska Stiavnica  |2 eng 
650 4 |a downtown  |2 eng 
700 1 |a Kosnáč, Pavel  |u 051110  |k Z8  |4 ths  |U FAD Fakulta architektúry  |T FA Ústav architektúry obytných budov  |X 4204  |U A1110  |Y 392  |7 A000004204 
856 4 |u http://is.stuba.sk/zp/portal_zp.pl?podrobnosti=138731  |u https://opac.crzp.sk/?fn=detailBiblioForm&sid=EEE57057A47611A7EC79C44E9AC3